[Event "RUS-chT 12th"]
[Site "Sochi"]
[Date "2005.04.21"]
[Round "3"]
[White "Tregubov, Pavel V"]
[Black "Moiseenko, Alexander"]
[Result "1/2-1/2"]
[WhiteElo "2612"]
[BlackElo "2665"]
[Annotator "Roiz,M"]
[PlyCount "102"]
[EventDate "2005.04.19"]
[EventType "team-tourn"]
[EventRounds "11"]
[EventCountry "RUS"]
[SourceTitle "EXT 2020"]
[Source "ChessBase"]
[SourceDate "2019.10.17"]
[SourceVersion "1"]
[SourceVersionDate "2019.10.17"]
[SourceQuality "1"]
[WhiteTeam "Samara Yunilain"]
[BlackTeam "Saratov Ekonomist SGSEU"]
[WhiteTeamCountry "RUS"]
[BlackTeamCountry "RUS"]

1. d4 e6 2. c4 f5 3. Nf3 Nf6 4. Qc2 Nc6 $146 {Nowadays chess players are
inspired to avoid the theory in a very early stage of the game. The main idea
of this action is to neutralize a home preparation of the opponent. However,
new moves are frequently not the best ones.} (4... b6 5. g3 Bb7 6. Bg2 Bb4+ 7.
Nc3 O-O 8. O-O Bxc3 9. Qxc3 d6 10. b4 Qe8 11. a4 a6 12. Bb2 $14 {0-1 Williams,
S-Gleizerov,E/Port Erin 2001/CBM 84 ext (43)}) (4... Bb4+ 5. Bd2 Qe7 6. Bxb4
Qxb4+ 7. Nbd2 b6 8. a3 Qe7 9. e4 fxe4 10. Nxe4 Nxe4 11. Qxe4 Nc6 12. O-O-O Bb7
13. Qc2 $14 {1-0 Borovikov,V-Moiseenko,A/Alushta 2001/EXT 2002 (56)}) ({
The main line here is:} 4... d5) 5. Nc3 Bb4 6. e3 ({White could immediately
exchange Black's bishop:} 6. a3 Bxc3+ (6... Be7 $143 7. d5 $14) 7. Qxc3 $5 $14
{with some advantage.} (7. bxc3 O-O 8. e3 {transposes to the game.})) 6... O-O
7. Bd3 Bxc3+ (7... d6 8. O-O $14) 8. bxc3 {Now white has a strong pawn's
centre. He is planning to complete the development and to seize more space by
advancing his central pawns.} ({Less ambitious would be:} 8. Qxc3 $143 Ne4 9.
Qb3 d6 $11) 8... b6 {Since the idea of d7-d6 followed by e6-e5 is not
realistic, Black chooses another plan of development.} 9. O-O Bb7 (9... Ba6 10.
Nd2 Na5 11. Ba3 d6 12. Bb4 $14) 10. Nd2 {[%cal Gf2f3,Ge3e4] Intending to
advance the central pawns and taking control of the square e4.} Ne7 {Now we
can see a drawback of the fourth move of black. He needs to spend a tempo in
order to play 11...c5.} 11. f3 c5 12. e4 $14 {White has successfuly realized
his idea, so his position is preferable. At the same time, Black has some
counterplay due to some discoordination of White's pieces.} Nh5 {Black
continues his opening strategy.} ({Another possibility here was:} 12... fxe4
13. fxe4 e5 {with a complicated position, where White's chances are a bit
better.}) 13. Nb3 $6 {This allows Black to reach comfortable play.} ({More to
the point was:} 13. exf5 $142 Nxf5 (13... exf5 14. Nb3 Qc7 15. Bg5 Rae8 16.
Rae1 Nf6 17. Qd2 $14) 14. Nb3 cxd4 15. cxd4 (15. g4 $2 Ne3 16. Bxe3 dxe3 17.
gxh5 Bxf3 18. Bxh7+ Kh8 19. Qg6 Qh4 $19) 15... Qf6 16. Qb2 $14) 13... fxe4 {
Black's position is straitened. Therefore he initiates a couple of exchanges
and hopes to free himself from White's pressure.} 14. fxe4 Rxf1+ 15. Bxf1 cxd4
(15... Ng6 16. e5 (16. g3 $5) 16... Qh4 17. Qf2 Qe4 (17... Qxf2+ 18. Kxf2 Rf8+
19. Kg1 $16) 18. Qe3 Qh4 $1 $11 {[%csl Gb7][%cal Gh5f4,Ga8f8]} (18... Qc2 $2
19. Qd3 Qxd3 20. Bxd3 Nhf4 21. Bf1 $16) (18... Qf5 $2 19. Qg5 Qxg5 20. Bxg5 $16
{[%csl Gf1,Gg5,Rh5]}) 19. dxc5 $140 $2 Rf8 $40) 16. cxd4 {White should be
careful, since his central pawns can be easily attacked.} Ng6 17. g3 {[%csl
Rh5]} ({The immediate play against Black's misplaced knight doesn't promise
much:} 17. e5 Qh4 18. Qf2 Qe7 19. g3 Rf8 20. Qd2 Nh4 21. gxh4 Qxh4 $132) 17...
Qc7 $2 {A careless move that allows White to exploit the bad placement of the
Nh5.} (17... d6 $6 18. Bg2 e5 19. c5 (19. d5 $2 Qc7 $11 {[%csl Rc4][%cal Gb7a6,
Ga8c8,Gc8c4,Ga6c4]}) 19... Qc7 20. Qc4+ Kh8 21. c6 Qxc6 22. Qxc6 Bxc6 23. Ba3
Rd8 24. Rc1 Be8 25. Rc7 $36) ({Of course, the most natural and probably the
best move was:} 17... e5 $132 {[%cal Gh5f6]}) 18. Bg2 $2 {Missing a great
opportunity of reaching a better advantage!} ({It was the right moment for:} 
18. e5 $142 $1 {[%csl Rh5][%cal Gc2e2,Ge2h5]} d6 (18... Qc6 19. Bg2 Qxg2+ 20.
Qxg2 Bxg2 21. Kxg2 Rc8 22. Kf3 $16 {[%cal Gf3g4,Gg3g4]}) 19. Qe2 dxe5 20. Qxh5
Qc6 21. d5 exd5 22. Qf3 d4 23. Qxc6 Bxc6 24. Bg2 Bxg2 25. Kxg2 Rc8 26. Nd2 $16)
18... Rc8 $6 ({More accurate would be:} 18... d5 $1 19. exd5 (19. e5 $2 dxc4
20. Bxb7 Qxb7 21. Qxc4 Qf3 22. Qxe6+ Kh8 $40) 19... exd5 20. c5 Nf6 $11 {
with an equal position.}) 19. c5 bxc5 (19... Nf6 {leads to a somewhat inferior
position after:} 20. Qe2 e5 21. Bb2 exd4 22. Bxd4 $14) ({but interesting was:} 
19... e5 $5) 20. Qxc5 Nf6 {Finally, Black's knight is back in the game!} 21.
Qxc7 {Of course, White should be satisfied with this exchange.} Rxc7 22. Nc5 e5
23. Ba3 {I like that move,since it doesn't leads to simplification.} ({It was
also possible to exchage the bishop:} 23. Nxb7 $5 Rxb7 24. Ba3 Ng4 25. d5 Ne3
26. Rc1 (26. Bf3 $2 Nc2 $19) 26... Nxg2 27. Kxg2 $14 {[%csl Rg6]}) 23... Bc8 ({
Of course,not} 23... exd4 $2 24. Nxb7 Rxb7 25. e5 $18) 24. d5 d6 25. Ne6 (25.
Nb3 $5 {deserves also attention:} Ne8 26. Rc1 Rxc1+ 27. Bxc1 $14 {with a clear
advantage for White.}) 25... Bxe6 26. dxe6 Re7 ({After} 26... Ne8 27. Bf1 Nf8
28. Bb5 Re7 29. Bxe8 Rxe8 30. Bxd6 Nxe6 31. Kf2 $14 {White also keeps some
advantage.}) 27. Bxd6 Rxe6 28. Rd1 $14 {White's advantage is obvious due to
his bishops pair. However, there is not much material on the board, so black
has reasonable chances to draw.} Re8 29. Kf2 {I am in some doubt about this
advancement of White's king.} ({It seems to me that right move was} 29. Rb1 $5
{[%csl Ra7] with the idea to exchange the rooks after 30.Rb8. After that White
could press on the weak pawn a7.}) 29... Nh8 {An original manoevre.} ({The
alternative was:} 29... Rc8 30. Ke2 Rc4 31. Kd3 Rc6 32. Bb8 $14) 30. h3 Nf7 31.
Ba3 ({More accurate seems to be:} 31. Bb4 $5) 31... Re6 (31... Rc8 32. Rc1 Rxc1
33. Bxc1 Nd6 34. Ke3 $14) 32. Ke3 $2 {An additional inaccuracy which allows
Black to equalize immediately.} ({Better was:} 32. Bb4 $142 $5 {Q preventing
Black from activating the rook.}) 32... Ra6 33. Rd3 Ra4 $11 {[%csl Re4] Now
white's pieces are too passive.} 34. Rb3 (34. h4 $2 h5 $15 {[%cal Gf7h6,Gh6g4]}
) 34... Ng5 35. Bb2 ({After} 35. Rb8+ $5 Kf7 36. Rb7+ Kg6 37. Bf8 Ne6 38. Bd6
Rxa2 39. Bf1 Ra4 40. Bd3 Rd4 41. Ba3 Ra4 42. Bd6 Rd4 43. Ba3 Ra4 $11 {the draw
is unavoidable.}) 35... Ngxe4 {Now Black has an extra pawn, but it's not
enough for a win - White's bishops are very strong.} ({Another tackle deserved
attention:} 35... Rxa2 $5 36. h4 Ne6 37. Bh3 Nc5 38. Rb8+ Kf7 39. Bxe5 Ra4 40.
Bd4 Ncxe4 41. Rb7+ Kg6 42. Rxa7 Rxa7 43. Bxa7 Nxg3 $15 {but White should
easily hold on.}) 36. Rb8+ Kf7 37. Bxe5 Nd5+ 38. Kf3 (38. Kd3 $142 Nc5+ 39. Ke2
Ke6 40. Bxg7 Rxa2+ 41. Rb2 Ra3 42. Bxd5+ Kxd5 43. Bf8 Rc3 44. Bxc5 Kxc5 45. Rb7
Rxg3 (45... a5 46. Rxh7 Rxg3 47. Rh4 $11) 46. Rxa7 Rxh3 47. Kf2 $11) 38... Ng5+
39. Kf2 (39. Ke2 $5 Rxa2+ 40. Bb2 Nf6 41. Kd3 $11) 39... Rxa2+ 40. Bb2 Nf6 41.
Ke3 Ra6 {Black wants to activate his rook.} 42. Bf1 Re6+ ({Of course,after} 
42... Rb6 43. Rxb6 axb6 44. Bc4+ Ke7 45. Bd4 Nxh3 46. Bxb6 {Black has only a
symbolic advantage.}) 43. Kf4 Kg6 44. Bd3+ Kh6 45. h4 Nd5+ {Surprisingly Black
has some problems with his king, so he is forced to make a draw by perpetual
check.} 46. Kg4 (46. Kf5 $144 Ne3+ 47. Kf4 Nd5+ 48. Kg4 Ne3+ 49. Kf4 Nd5+ 50.
Kf5 g6+ 51. Kg4 Ne3+ 52. Kf4 Ng2+ 53. Kg4 Ne3+) 46... Ne3+ 47. Kf4 Ng2+ 48. Kg4
Ne3+ 49. Kf4 Nd5+ 50. Kg4 Ne3+ 51. Kf4 Nd5+ 1/2-1/2

[Event "GER CupT final"]
[Site "Erfurt"]
[Date "2004.03.21"]
[Round "2.3"]
[White "Gurevich, Mikhail"]
[Black "Krasenkow, Michal"]
[Result "1-0"]
[WhiteElo "2656"]
[BlackElo "2609"]
[Annotator "Roiz,M"]
[PlyCount "41"]
[EventDate "2004.03.20"]
[EventType "team"]
[EventRounds "2"]
[EventCountry "GER"]
[SourceTitle "CBM 100"]
[Source "ChessBase"]
[SourceDate "2004.06.01"]
[SourceVersion "1"]
[SourceVersionDate "2004.06.01"]
[SourceQuality "1"]
[WhiteTeam "Porz"]
[BlackTeam "Baden Oos"]
[WhiteTeamCountry "GER"]
[BlackTeamCountry "GER"]

{[%mdl 8]} 1. c4 {Gurevich,M} e6 2. d4 d5 3. Nc3 c6 4. e3 f5 {The main reason
for this move is the fact, that white's knight is already on c3, so white
couldn't change the dark-squared bishops (that exchange is very useful in such
a pawn structure) by b2-b3 and Bc1-a3.} ({There is an additional opportunity:} 
4... Bd6 {which can lead to the same pawn structure after} 5. Nf3 f5) 5. g4 {
That's the point - besides 5.Nf3 or 5.f4 with a long strategical play, white
has this sharp continuation, which black could avoid by 4...Bd6.} Nf6 {That
popular continuation is quite risky, but very principal one: black is trying
to exploit some weakness of the K-side by energetic play.} ({another common
alternative is:} 5... fxg4 {Golod,V} 6. Qxg4 Nf6 7. Qg2 c5 $1 8. dxc5 (8. Nf3
$5 Nc6 9. Bd2 Bd7 (9... a6 $6 10. O-O-O Qc7 11. dxc5 Bxc5 12. Rg1 O-O 13. Ng5
Kh8 14. Kb1 Ne5 $2 15. Na4 Ba7 16. Bb4 $18 Rg8 17. Qg3 {1-0 Seirawan,
Y-Yermolinsky,A/USA 1994}) (9... cxd4 10. exd4 dxc4 11. O-O-O Na5 12. Re1 $44)
10. O-O-O Qe7 (10... Rc8 11. dxc5 Bxc5 (11... Qa5 $5) 12. Rg1 g6 13. Ng5 $36)
11. Ne5 cxd4 (11... O-O-O $142 $14) 12. exd4 O-O-O (12... Nxd4 $2 13. Bg5 Nc6
14. Nxd7 Qxd7 15. Bxf6 gxf6 16. cxd5 $16) 13. Bf4 $16 {0-1 Dautov,R-Krasenkow,
M/Julian Borowski-A 2002 [Dautov]}) 8... Qa5 $5 9. cxd5 exd5 10. Bd2 Qxc5 11.
Rc1 Nc6 12. Ne4 $1 Qe7 13. Nxf6+ Qxf6 14. Qxd5 Be6 $5 $44 {- see commented
game 1/2-1/2 Golod,V-Kaspi,A/Ramat Aviv/Modiin 2000/CBM 81/[Golod,V] (54)}) 6.
gxf5 Bb4 $6 {'!?' Gurevich,M. A very ambitious, but not correct decision. The
point is that white shouldn't try to keep an extra pawn - black may get a
strong attack due to his development advantage and good prospects over the
''f'' file. White has just to continue his development and exploit the
vulnerablity of the Bb4.} (6... exf5 {is main and quite strongest move.} 7.
cxd5 $6 {From all moves, 7.Qb3 looks the strongest for white;} ({New fashion
is:} 7. Qb3 $5 dxc4 (7... Qb6 $2 8. cxd5 Qxb3 9. axb3 Nxd5 10. Nxd5 cxd5 11.
Bg2 Nc6 12. Ne2 Nb4 (12... Bd6 {Gurevich,M} 13. Nc3 Nb4 14. O-O Be6 15. Nb5 Kd7
16. Bd2 Nc6 17. Rfc1 Rhc8 18. Nxd6 Kxd6 19. Bf1 a6 20. Kg2 Bd7 21. h4 Ke6 22.
Kg3 $14 {1-0 Yakovich,Y-Bellon Lopez,J/Stockholm 2001/CBM 85 (56)}) 13. O-O $16
{[%csl Rd5,Rf5]} Be6 14. Nf4 Kf7 15. Bd2 g5 16. Nxe6 Kxe6 17. Ra5 {[%csl Rd5]
1-0 Yakovich,Y-Alibaev,A/Dubai UAE 2001/The Week in Chess 338 (17) Black loses
one of it's pawns;}) (7... Ne4 {Tyomkin,D} 8. cxd5 Nxc3 9. bxc3 Qxd5 10. Qxd5
cxd5 11. Bg2 Be6 12. Ne2 Bd6 13. c4 Na6 14. cxd5 Bf7 15. Rb1 O-O 16. Rxb7 Nb4
17. Nc3 $18 {1-0 Gretarsson,H-Ragnarsson,J/Reykjavik ISL 2000/The Week in
Chess (35)}) 8. Bxc4 Qe7 (8... Bd6 $5 {[%cal Gd8e7] Tyomkin,D}) 9. Nf3 b5 10.
Be2 Be6 11. Qc2 g6 12. Ng5 Bg8 13. Bf3 h6 14. Nh3 g5 15. Nxb5 $16 {0-1 Ward,
C-Krush,I/Oakham 2000/CBM 75 ext (30)}) (7. Nf3 Bd6 (7... Be6 $5 8. Qb3 Qb6 9.
c5 Qc7 10. Bd3 Be7 11. Ne2 Nh5 12. Qc2 g6 13. b4 Nd7 14. Bd2 Ndf6 15. Ng3 Nxg3
16. hxg3 Ne4 $11 {1/2-1/2 Moiseenko,A-Kharlov,A/Moscow 2002/CBM 88 (38)}) 8.
Qb3 dxc4 9. Bxc4 Qe7 10. Ng5 Rf8 11. h4 (11. Bd2 $2 $17 {1-0 Nadanian,
A-Lputian,S/Yerevan 1999/CBM 74/[Tsesarsky] (38)}) 11... b5 12. Bd3 h6 13. Nf3
Be6 14. Qc2 b4 15. Nb1 Bd5 16. Nbd2 $132) 7... Nxd5 $1 {[%cal Gc8e6,Yb8a6,
Ya6c7]} (7... cxd5 $143 8. Nh3 Bd6 9. Qf3 Nc6 10. Bb5 (10. Nf4 Nb4 11. Bb5+ Bd7
12. O-O Bxb5 13. Nxb5 Qd7 $11) 10... Be6 11. Rg1 O-O 12. Ng5 Qd7 13. Qg2 Rae8
14. Bd2 $132 {1-0 Portisch,L-Koberl,F/HUN-ch 1963 (43)}) 8. Nge2 Be6 9. Bg2
$146 (9. Rg1 g6 10. Bg2 Na6 11. Bd2 Nac7 $11 {0-1 Dorfman,I-Popchev,M/
Capablanca Mem-A 1988 (32)}) 9... Na6 10. O-O Nac7 11. Nxd5 Nxd5 {[%csl Rg1]
[%cal Gf8d6,Yd8h4]} (11... Bxd5 $143 12. f3 {[%cal Ge3e4]}) 12. f3 Bd6 $1 {
[%csl Rg1][%cal Gd8h4]} 13. e4 Qh4 14. Ng3 (14. e5 Bc7 $17 {[%csl Gd5,Ye6]
[%cal Ge8c8,Yg7g5,Yg5g4]}) 14... Nf4 15. d5 (15. Bxf4 Bxf4 16. d5 O-O-O 17. Qc2
Bd7 18. Qf2 Kb8 $17) 15... cxd5 16. exf5 Bf7 17. Re1+ Kf8 $17 {0-1 Volkov,
S-Malakhov,V/Elista 2001/CBM 83/[Tyomkin,D] (36)}) 7. Bd2 {Mikhail Gurevich is
a very experienced and strong player and he chooses the best way of
development. Actually, black just cannot take on c3 now - his dark squares
will be too weak.} (7. fxe6 $6 O-O 8. Qb3 (8. Nh3 {[%cal Gh3f4] looks playable,
but black has good attacking prospects anyway.}) 8... Bxc3+ 9. bxc3 Ne4 {
promises black a strong initiative.}) ({deserves attention also} 7. Bd3 $5 O-O
8. Nge2 exf5 9. Qb3 Ba5 10. Nf4 $14) 7... O-O 8. Nge2 $146 {'!' Gurevich,M.
The point of this move is that white's bishop can also be placed well on g2,
putting pressure on black's pawn d5. On the other hand, e2 is quite the best
place for the Ng1, so that move is probably preferable compared to 8.Bd3,
which was played before. Gurevich,M: '/\ 9.Bg2,10.Nf4; x Pd5'} (8. Bd3 exf5 9.
Nge2 Bxc3 (9... dxc4 $5 10. Bxc4+ Kh8 11. Qc2 Nbd7 12. Qxf5 $140 $2 Nb6 13. Qd3
(13. Be6 Nfd5 14. Qh3 Qf6 $17) 13... Ng4 $40) 10. Bxc3 Be6 11. Nf4 Qd7 12. Qf3
Ne4 13. Bxe4 fxe4 14. Qg3 Na6 15. O-O-O Nc7 16. Rdg1 $14 {1/2-1/2 Harikrishna,
P-Vioreanu,B/Goa 2002/CBM 91 ext (78)} Bf5 {Gurevich,M} 17. Kb1 Rf7 18. Nh5 Bg6
$132 {1/2-1/2 Harikrishna,P-Vioreanu,B/Goa 2002/CBM ext 91 (78)}) 8... e5 $5 {
'?!' Gurevich,M. An interesting idea of exploiting some development advantage.}
({another option was:} 8... exf5 9. Qb3 (9. cxd5 Nxd5 10. Qb3 Bxc3 11. Nxc3 b6
$14) 9... Bxc3 (9... a5 {Gurevich,M} 10. cxd5 Nxd5 11. Bg2 (11. Nxd5 $5) 11...
Be6 12. Nxd5 $14) 10. Nxc3 b6 $1 $14 {[%cal Gc8e6] and black has a worse but
defensible position.}) (8... dxc4 $5 {Gurevich,M} 9. Nf4 Nd5 (9... b5 10. Nxe6
Bxe6 11. fxe6 Bxc3 12. Bxc3 Ne4 $132) 10. Nxe6 Bxe6 11. fxe6 Qf6 $132) 9. Qb3
$1 {The time is much more important than the pawn!} (9. dxe5 $143 Ng4 10. Ng3
Nxe5 (10... Bxf5 11. Nxf5 Nxf2 12. Kxf2 Rxf5+ 13. Ke2 Qh4 (13... Nd7 14. cxd5
Qh4 15. Be1 $18) 14. Kd3 $18 {[%cal Gd3c2]}) 11. cxd5 (11. a3 Ba5) 11... Bxf5
$44) 9... Bxc3 $4 {The decisive mistake! That allows white to complete the
development and save extra material.} ({Black had to play:} 9... exd4 $142 $1
10. Nxd4 (10. exd4 $5 {doesnt look good, but maybe white has chances for an
advantage after:} Bxc3 11. Nxc3) 10... c5 $1 11. Ne6 (11. Nc2 {looks passiv,
but maybe it gives some chances for an advantage. For example:} Bxc3 (11... d4
$5 {deserves attention also} 12. exd4 Qe7+ 13. Be2 Nc6 14. dxc5 Bxc5 {and
black has a very active piece play.}) 12. Bxc3 Bxf5 13. O-O-O Qb6 $1 14. Rg1 $1
$14 {In my opinion, white's chances are slighty better in this complicated
position.} ({after} 14. Qxb6 $6 axb6 15. cxd5 Ne4 {[%csl Ra2][%cal Ga8a2]
black has an excellent play})) 11... Bxe6 12. fxe6 d4 13. exd4 Nc6 $1 (13...
Qxd4 $2 14. Be3 (14. O-O-O $5 Qxf2 (14... Nc6 15. Be3 Qe5 16. Nd5 $16) 15. Nd5
Bxd2+ 16. Rxd2 Qe1+ 17. Rd1 Qxe6 18. Bg2 $1 $16 {[%csl Rb7][%cal Gh1e1,Gd5c7,
Gb3b7]}) 14... Qe4 15. Rg1 Qxe6 16. O-O-O $16 {[%cal Gc3d5]}) 14. d5 Nd4 15.
Qd1 {'+/-' Gurevich,M.} Nxd5 $1 16. Bg2 ({after} 16. cxd5 $6 Qh4 $1 17. Be3 Qe4
18. Qd3 Qxd5 $1 ({not} 18... Qxh1 $2 19. O-O-O {and white's pawns will decide
the game.}) 19. e7 Rf7 {black's initiative is too dangerous.}) 16... Nf4 17.
Bxf4 Rxf4 18. O-O Bxc3 19. bxc3 Nxe6 $14 {with an acceptable position.}) 10.
Bxc3 {'+/-' Gurevich,M.} Ne4 {Black is looking for some complications,but his
pieces are too far away.} (10... exd4 11. Nxd4 Ne4 12. cxd5 cxd5 13. Bg2 $18) (
{doesn't help too:} 10... e4 {'>=' Gurevich,M.} 11. Nf4 (11. Ng3 {Gurevich,M}
Kh8 12. Be2 a5 $16) 11... b6 12. Bh3 $18 {and white has a material and
positional advantage.}) 11. cxd5 cxd5 (11... Qh4 12. dxc6+ Rf7 (12... Kh8 13.
cxb7 $18) 13. Ng3 Nxg3 14. fxg3 Qe4 15. O-O-O Qxe3+ 16. Kb1 Bxf5+ 17. Ka1 $18 {
[%cal Gf1c4]}) 12. Bg2 $18 {This game is a rare example of an ''opening
disaster'' on such a high level.} Bxf5 {Desperation! White is developed well,
so he can take the sacrificed material.} ({black's position would also
completely hopeless after:} 12... Rf7 13. dxe5 Bxf5 14. Ng3 $18) 13. Qxb7 Nc6 (
13... Qd7 14. Qxd7 Nxd7 15. dxe5 Ndc5 16. O-O $18) 14. Qxc6 Rc8 15. Qb5 {
The rest is just an agony - black is unable to create any threats.} exd4 (15...
Nxf2 16. Qxd5+ $18) 16. Nxd4 Rc5 17. Qe2 Qh4 18. Nxf5 Rxf5 19. Bxe4 Qxe4 20.
Rg1 Rf7 21. Rd1 {[%mdl 1024]} 1-0